English Premiership and Championship Rugby Union Teams 14/15 - Statistics

General Stats
  • This quiz has been taken 410 times
  • The average score is 17 of 24
Answer Stats
Teams % Correct
Leicester Tigers
93%
Saracens
93%
Bath
92%
Exeter Chiefs
91%
Harlequins
91%
Wasps
91%
London Irish
90%
Sale Sharks
90%
Newcastle Falcons
89%
Northampton Sains
88%
Bristol
87%
Gloucester
84%
London Welsh
80%
Worcester Warriors
77%
London Scottish
59%
Cornish Pirates
57%
Bedford Blues
50%
Doncaster Knights
43%
Nottingham
43%
Yorkshire Carnegie
41%
Jersey
38%
Rotherham Titans
38%
Plymouth Albion
35%
Moseley
27%
No matching quizzes found
Score Distribution
Percent of People with Each Score
Percentile by Number Answered
Your Score History
You have not taken this quiz